| 000 | nam a22 7a 4500 | ||
|---|---|---|---|
| 999 |
_c52998 _d52998 |
||
| 005 | 20200617162117.0 | ||
| 008 | 200617b xxu||||| |||| 00| 0 eng d | ||
| 040 | _aANE | ||
| 041 | _aEs | ||
| 100 | _aCrespo Garrido,Sagrario | ||
| 245 | _aFeminismo radical y crisis de la familia en la obra de Évelyne Sullerot | ||
| 260 |
_aMadrid _c2017 |
||
| 300 | _a442 p. | ||
| 856 | _uhttp://documentacion.asambleanacional.gob.ec/alfresco/d/d/workspace/SpacesStore/bd6e7c76-8b56-4fd0-ba79-1d142676398e/FEMINISMO%20RADICAL%20Y%20CRISIS%20DE%20LA%20FAMILIA%20EN%20LA%20OBRA%20DE%20%c3%89VELYNE%20SULLEROT.%20SAGRARIO%20CRESPO%20GARRIDO.pdf | ||
| 942 |
_2ddc _cBV _zNr. |
||